000 01104nam a2200301 i 4500
003 DO-SdBNP
005 20260408193042.0
007 ta
008 220117e2022 dr bdo|gr|||| 00| 0 spa d
040 _aDO-SdBNP
_bspa
_cBNPHU
_erda
082 4 _222
_bR426l
110 1 _aRepública Dominicana.
_bMinisterio de Defensa.
_975436
245 1 3 _aEl libro blanco de la defensa de :
_bRepública Dominicana /
_cPresentación de Carlos Luciano Díaz Mofa
264 1 _aSanto Domingo :
_bMinisterio de Defensa,
_c2022.
300 _a216 páginas
_bmapas, graficos, fotografías
_c28 cm.
336 _2rdacontent
_atexto
_btxt
337 _2rdamedia
_asin mediación
_bn
338 _2rdacarrier
_avolumen
_bnc
504 _aBibliografía p: 213-214
590 _aInventariado 2023/ YL
650 0 _932794
_aSeguridad Nacional
_xRepública Dominicana
650 0 _913058
_aRepública Dominicana
_xHistoria Militar
650 0 _915820
_aSociología Militar
650 0 _aDefensa (Ciencia militar)
_910932
700 1 _aDíaz Mofa, Carlos Luciano
_epresentación
_980953
910 _aYLockward
942 _2ddc
_cLBS1
999 _c54794
_d54794